000 01660nam a2200241Ia 4500
003 Ost
005 20260507075209.0
008 260507s9999||||xx |||||||||||||| ||und||
020 _a×242388977
040 _cfsecg
041 _aara
082 _a330
100 _aملوخية، احمد فوزي
_eمؤلف
245 0 _aمبادئ الاقتصاد /
_c احمد فوزي ملوخية
260 _aالاسكندرية:
_bمركز الاسكندرية للكتاب,
_c2009
300 _a392 صفحة؛
_bإيضاحات ؛
_c24 سم
504 _aمراجع ص.389
520 _aالمشكلة الاقتصادية و النظم الاقتصادية ، نظرية الطلب و نظرية العرض و كيفية تحديد ثمن السلعة في السوق التنافسية و اهم وسائل التدخل الحكومي في السوق الحرة ، نظرية المنفعة الحدية ، نظرية منحنيات السواء ، عناصر الانتاج ، دالة الانتاج في الفترة القصيرة و في الفترة الطويلة ، الطلب على خدمات عوامل الانتاج ، محددات عرض خدمات عناصر الانتاج و العوامل التي تحصل عليها، دالات التكاليف ، دالات التكاليف في الفترة القصيرة و في الفترة الطويلة ، نظرية النقود و الدورات الاقتصادية ، الجهاز المصرفي،البنيان الاقتصادي و الدخل القومي .
653 _aالاقتصاد
653 _aالاقتصاد الجزئي
653 _aالانتاج
942 _cكتاب
999 _c43452
_d43452